[Event "Tourn. n9742"]
[Site "www.chess-mail.com"]
[Date "2018.04.02"]
[Round "1"]
[White "Mitja"]
[Black "Prize64"]
[WhiteElo "2060"]
[BlackElo "2170"]
[Result "1-0"]
[Round "1"]
1.d4 Ng8f6
2.e3 d5
3.c3 Bc8f5
4.h3 h6
5.Ng1e2 e6
6.Ne2g3 Bf5g6
7.b3 Bg6xb1
8.Ra1xb1 Bf8e7
9.Bc1b2 O-O
10.Bf1e2 c5
11.dxc5 Be7xc5
12.O-O Nb8c6
13.Ng3h5 Nf6xh5
14.Be2xh5 Qd8g5
15.Bh5f3 Ra8d8
16.Qd1e2 Nc6e5
17.Rf1d1 Ne5xf3
18.Qe2xf3 Qg5g6
19.Rb1c1 a6
20.c4 dxc4
{ time. }
1-0

[Event "Tourn. n9763"]
[Site "www.chess-mail.com"]
[Date "2018.04.02"]
[Round "1"]
[White "Louis"]
[Black "Sefj"]
[WhiteElo "2000"]
[BlackElo "2060"]
[Result "1-0"]
[Round "1"]
1.d4 b5
2.e4 a6
3.Ng1f3 e6
4.Bf1d3 Bc8b7
5.O-O g6
6.Nb1d2 Bf8g7
7.Nd2b3 d6
8.a4 bxa4
9.Ra1xa4 Bb7c6
10.Ra4a3 Ng8e7
11.c3 d5
12.e5 Qd8c8
13.Bc1g5 h6
14.Bg5xe7  { time }
1-0

[Event "Tourn. n9769"]
[Site "www.chess-mail.com"]
[Date "2018.04.02"]
[Round "1"]
[White "Reda"]
[Black "Libiesse"]
[WhiteElo "1840"]
[BlackElo "1770"]
[Result "0-1"]
[Round "1"]
1.d4 d5
2.Bc1f4 Ng8f6
3.Nb1c3 e6
4.e3 Bf8d6
5.Bf4xd6 cxd6
6.Bf1d3 O-O
7.Ng1f3 Nb8d7
8.O-O e5
9.dxe5 dxe5
10.e4 d4
11.Nc3e2 Qd8c7
12.c3 dxc3
13.Ne2xc3 Nd7c5
14.Bd3c4 Rf8d8
15.Qd1c2 a6
16.Ra1d1 Bc8g4
17.Rd1xd8 Ra8xd8
18.Bc4e2 Nc5xe4
19.Nc3xe4 Qc7xc2
{ resign }
0-1

[Event "Tourn. n9740"]
[Site "www.chess-mail.com"]
[Date "2018.04.02"]
[Round "1"]
[White "Szustan"]
[Black "Gearoidmac"]
[WhiteElo "2630"]
[BlackElo "2440"]
[Result "1-0"]
[Round "1"]
1.e4 e6
2.d4 d5
3.Nb1c3 Ng8f6
4.e5 Nf6d7
5.f4 c5
6.Ng1f3 Nb8c6
7.Bc1e3 cxd4
8.Nf3xd4  { time }
1-0

[Event "Tourn. n9620"]
[Site "www.chess-mail.com"]
[Date "2018.04.02"]
[Round "1"]
[White "Pdebonis"]
[Black "Sachpat"]
[WhiteElo "2690"]
[BlackElo "2780"]
[Result "1/2-1/2"]
[Round "1"]
1.e4 c5
2.Ng1f3 d6
3.d4 cxd4
4.Nf3xd4 Ng8f6
5.Nb1c3 a6
6.Bc1e3 e5
7.Nd4e2 Bf8e7
8.Ne2g3 Bc8e6
9.Bf1e2 O-O
10.O-O g6
11.Qd1c1 d5
12.exd5 Nf6xd5
13.Rf1d1 Qd8a5
14.Nc3xd5 Be6xd5
15.c4 Bd5c6
16.a3 Qa5c7
17.Be3h6 Rf8d8
18.Rd1xd8 Qc7xd8
19.Qc1e3 Nb8d7
20.b4 Qd8c7
21.Ra1d1 Nd7f8
22.c5 Nf8e6
23.Be2c4 Ne6d4
24.f4 Ra8d8
25.Rd1d2 Be7f6
26.Ng3e4 Bc6xe4
27.Qe3xe4 b6
28.fxe5 Bf6xe5
29.cxb6 Qc7xb6
30.Bh6e3 Qb6c7
31.Kf2 Nd4f5
32.Bc4xf7 Kxf7
33.Rd2xd8 Qc7xd8
34.Qe4xe5 Qd8h4
35.Kf1 Nf5xe3
36.Qe5xe3 Qh4xh2
37.Qe3a7 Kf8
38.Qa7xa6 Qh2f4
39.Ke2 Qf4e4
40.Kd1 Qe4d5
41.Ke1 Qd5xg2
42.Qa6f6 { draw }
1/2-1/2

[Event "Tourn. n9755"]
[Site "www.chess-mail.com"]
[Date "2018.04.02"]
[Round "1"]
[White "Tartan"]
[Black "Sefj"]
[WhiteElo "2520"]
[BlackElo "2140"]
[Result "1-0"]
[Round "1"]
1.e4 e6
2.d4 d5
3.Nb1c3 dxe4
4.Nc3xe4 Qd8d5
5.Bf1d3 f5
6.Ne4g3 Bc8d7
7.Ng1f3 Bf8e7
8.O-O h6
9.Nf3e5 Qd5xd4
10.Qd1h5 Kd8
11.Ne5f7 Kc8
12.Qh5g6 Bd7e8
13.Qg6xe6 Be8d7
14.Qe6g6  { time }
1-0

[Event "Tourn. n9763"]
[Site "www.chess-mail.com"]
[Date "2018.04.02"]
[Round "1"]
[White "Sefj"]
[Black "Malbertan"]
[WhiteElo "2060"]
[BlackElo "2010"]
[Result "0-1"]
[Round "1"]
1.d4 Ng8f6
2.c4 c5
3.Nb1c3 cxd4
4.Qd1xd4 Nb8c6
5.Qd4d1 e6
6.Bc1f4 Bf8b4
7.Qd1b3 Nf6e4
8.Ng1f3 Bb4xc3
9.bxc3 Qd8f6
10.Bf4d2 Ne4xd2
11.Nf3xd2 O-O
12.Nd2e4 Qf6e7
13.e3 b6
14.Bf1d3 Nc6a5
15.Qb3b5 Bc8b7
16.O-O Bb7c6
17.Qb5h5 g6
18.Qh5f3 f5
19.Qf3h3 fxe4
20.Bd3e2 Ra8c8
 { time }
0-1

[Event "Tourn. n9570"]
[Site "www.chess-mail.com"]
[Date "2018.04.02"]
[Round "1"]
[White "Osopanda"]
[Black "Passaroa25"]
[WhiteElo "1620"]
[BlackElo "1680"]
[Result "1-0"]
[Round "1"]
1.Ng1f3 f6
2.g3 d5
3.Bf1g2 Bc8e6
4.d4 Be6f7
5.O-O Nb8d7
6.Nb1d2 Nd7b6
7.e4 e6
8.Rf1e1 Ng8e7
9.b3 Ne7g6
10.Bc1b2 Bf8e7
11.exd5 Nb6xd5
12.c4 Nd5b6
13.Nd2e4 O-O
14.Qd1c2 Be7b4
15.Re1d1 Bb4e7
16.Ra1c1 Qd8c8
17.d5 e5
18.h4 h5
19.Qc2e2 Ng6h8
20.d6 cxd6
21.Nf3h2 Qc8e6
22.f4 Qe6c8
23.fxe5 dxe5
24.Nh2f1 Nh8g6
25.Kh2 Qc8e6
26.Bg2h3 Qe6c6
27.c5 Nb6d5
28.Ne4d6 Be7xd6
29.Qe2e4 Bd6xc5
30.Bh3g2 Nd5e3
31.Nf1xe3 Qc6xe4
32.Bg2xe4 Bc5xe3
33.Rc1c7 Ra8b8
34.Rd1d7 Kh7
35.Rd7xf7 Rf8xf7
36.Rc7xf7 Kh6
37.Kg2 b6
38.Be4xg6 Kxg6
39.Rf7xa7 Be3d4
40.Bb2xd4 exd4
41.Kf3 Rb8d8
42.Ke2 d3
43.Kd2 b5
44.a4 bxa4
45.bxa4 Kf5
46.Ra7xg7 Rd8d6
47.a5 Ke4
48.g4 Rd6d5
49.g5 fxg5
50.hxg5 Rd5xa5
51.g6 Ra5a3
52.Rg7e7 Kf5
53.g7 Ra3a8
54.Re7f7 Kg6
55.Rf7f8 Kxg7
56.Rf8xa8 Kg6
57.Kxd3 Kg5
58.Ke3 Kg4
59.Kf2 h4
60.Kg2 Kh5
61.Kh3 Kg5
62.Ra8a5 Kf4
63.Ra5b5 Ke4
64.Kxh4 Kd4
65.Kg4 Kc4
66.Rb5e5 Kd4
67.Kf4 Kc4
68.Ke3 Kc3
69.Re5c5 Kb3
70.Kd4 Kb4
71.Rc5c8 Kb5
72.Rc8c1 Kb6
73.Kd5 Kb5
74.Rc1b1 Ka4
75.Kc5 Ka3
76.Kc4 Ka2
77.Rb1b7 Ka1
78.Kc3 Ka2
79.Rb7b8 Ka1
80.Kc2 Ka2
81.Rb8a8 
1-0

[Event "Match"]
[Site "www.echecsemail.com"]
[Date "2018.04.02"]
[Round "1"]
[White "Paco"]
[Black "Pinehill"]
[WhiteElo "2030"]
[BlackElo "2010"]
[Result "0-1"]
[Round "1"]
1.e4 d5
2.e5 c5
3.Ng1f3 Bc8f5
4.d4 e6
5.Bf1b5 Nb8c6
6.O-O a6
7.Bb5xc6 bxc6
8.c3 h6
9.Qd1a4 Qd8b6
10.dxc5 Bf8xc5
11.b4 Bc5e7
12.Nf3d4 Bf5d3
13.Rf1e1 Bd3b5
14.Qa4b3 Be7d8
15.Bc1e3 Qb6b7
16.a4 Bb5c4
17.Qb3a3 Ng8e7
18.Nb1d2 Bc4d3
19.a5 O-O
20.Nd2b3 Ne7f5
21.Nb3c5 Qb7c7
22.Ra1d1 Nf5xe3
23.Re1xe3 Bd3c4
24.f4 Ra8c8
25.f5 Qc7a7
26.Nd4xc6 Rc8xc6
27.f6 gxf6
28.Qa3c1 fxe5
29.Re3xe5 Rc6xc5
30.Qc1xh6 Rc5xa5
31.Kh1 Ra5a2
32.Rd1d4 Ra2a1
{ resign }
0-1

[Event "Match"]
[Site "www.echecsemail.com"]
[Date "2018.04.02"]
[Round "1"]
[White "Gegonz"]
[Black "Ditto"]
[WhiteElo "1610"]
[BlackElo "1880"]
[Result "1-0"]
[Round "1"]
1.d4 d5
2.e4 c6
3.Nb1c3 Nb8d7
4.Ng1f3 Nd7b6
5.Bf1d3 Bc8g4
6.O-O e6
7.a3 Bf8d6
8.e5 Bd6c7
9.Bc1e3 Ng8e7
10.h3 Bg4h5
11.b3 O-O
12.Bd3xh7 Kxh7
13.Nf3g5 Kg8
14.Qd1xh5 Rf8e8
15.Qh5xf7 Kh8
16.Ng5xe6 { resign }
1-0

[Event "Match"]
[Site "www.echecsemail.com"]
[Date "2018.04.02"]
[Round "1"]
[White "Apdash"]
[Black "Goofy"]
[WhiteElo "2220"]
[BlackElo "2350"]
[Result "1/2-1/2"]
[Round "1"]
1.e4 d6
2.d4 Ng8f6
3.Nb1c3 Nb8d7
4.f4 e5
5.Ng1f3 exd4
6.Nf3xd4 g6
7.Bf1c4 Bf8g7
8.O-O O-O
9.f5 Nd7e5
10.Bc4b3 c5
11.Nd4f3 c4
12.Nf3xe5 cxb3
13.Ne5c4 bxc2
14.Qd1xc2 Qd8c7
15.Nc4e3 Rf8e8
16.fxg6 hxg6
17.Qc2d3 Qc7b6
18.Kh1 Bc8e6
19.Ne3d5 Nf6xd5
20.Nc3xd5 Be6xd5
21.Qd3xd5 Re8e6
22.Bc1f4 Ra8c8
23.Ra1d1 Rc8c5
24.Qd5b3 Qb6xb3
{ draw }
1/2-1/2

[Event "Match"]
[Site "www.echecsemail.com"]
[Date "2018.04.02"]
[Round "1"]
[White "Ditto"]
[Black "Azorau"]
[WhiteElo "1990"]
[BlackElo "1810"]
[Result "0-1"]
[Round "1"]
1.e4 e5
2.Ng1f3 Nb8c6
3.Bf1b5 Nc6d4
4.Bb5c4 h6
5.d3 Ng8f6
6.Nf3xe5 d5
7.exd5 Qd8e7
8.Bc1f4 Qe7b4
9.c3 Qb4xb2
10.Nb1d2 Qb2xc3
11.d6 Bc8e6
12.dxc7 Bf8d6
13.Bc4xe6 Bd6xc7
14.Be6xf7 Ke7
15.Bf7c4 Nd4c2
16.Qd1xc2 Qc3xa1
17.Nd2b1 Bc7xe5
18.Bf4e3 Be5c3
19.Be3d2 Bc3xd2
20.Kxd2 Rh8d8
21.Rh1e1 Kf8
22.Qc2b3 Qa1d4
23.Re1e2 Qd4f4
24.Ke1 Qf4c1
25.Qb3d1 Qc1f4
26.h3 Ra8c8
27.Qd1c2 b5
28.g3 Qf4f3
29.Nb1d2 Qf3h1
30.Nd2f1 bxc4
31.dxc4 Qh1xh3
32.Qc2b3 Rc8b8
33.Qb3a3 Kg8
34.Qa3f3 Rb8b1
{ resign }
0-1

[Event "Match"]
[Site "www.echecsemail.com"]
[Date "2018.04.02"]
[Round "1"]
[White "Ztornad"]
[Black "Darknight"]
[WhiteElo "1760"]
[BlackElo "1800"]
[Result "0-1"]
[Round "1"]
1.e4 e5
2.Ng1f3 d6
3.h3 h6
4.Bf1b5 c6
5.Bb5c4 Ng8f6
6.d3 a5
7.b3 b5
8.Bc4xf7 Kxf7
9.c4 { time. }
0-1

[Event "Match"]
[Site "www.echecsemail.com"]
[Date "2018.04.02"]
[Round "1"]
[White "Irene"]
[Black "Apdash"]
[WhiteElo "2000"]
[BlackElo "2170"]
[Result "1-0"]
[Round "1"]
1.d4 d5
2.Nb1c3 Ng8f6
3.Ng1f3 Bc8g4
4.h3 Bg4xf3
5.exf3 e6
6.Bc1g5 Bf8b4
7.Qd1d2 O-O
8.a3 Bb4a5
9.b4 Ba5b6
10.a4 a5
11.b5 c5
12.bxc6 bxc6
13.Bf1d3 Nb8d7
14.Ra1b1 Kh8
15.O-O c5
16.dxc5 Bb6xc5
17.Nc3b5 h6
18.Bg5xh6 Nd7e5
19.Qd2g5 Ne5xd3
20.Qg5xg7 { resign }
1-0

[Event "Match"]
[Site "www.echecsemail.com"]
[Date "2018.04.02"]
[Round "1"]
[White "Caspito"]
[Black "Sefj"]
[WhiteElo "1970"]
[BlackElo "2190"]
[Result "1-0"]
[Round "1"]
1.e4 c5
2.b3 Nb8c6
3.Bf1b5 Nc6e5
4.Qd1h5 Qd8c7
5.Bc1b2 Ne5g6
6.Ng1f3 f6
7.Bb5c4 e6
8.e5 a6
9.O-O b5
10.Bc4d3 f5
11.c4 bxc4
12.Bd3xc4 Ng8h6
13.Nf3h4 Nh6f7
14.Nh4xg6 hxg6
15.Qh5xg6 Rh8h6
16.Qg6g3 Bc8b7
17.f3 g5
18.d4 f4
19.Qg3f2 O-O-O
20.Nb1d2 Bf8e7
21.Ra1c1 Rd8h8
22.h3 Qc7a5
23.Nd2e4 Bb7xe4
24.fxe4 d6
25.Qf2e2 dxe5
26.a3 exd4
27.Bc4xa6 Kd8
28.b4 Qa5c7
29.Bb2xd4 Ke8
30.Bd4xh8 Nf7xh8
31.Ba6c4 Qc7e5
32.b5 Nh8g6
33.Qe2g4 Qe5d4
34.Kh2 Ng6e5
35.Qg4e2 g4
36.Rf1d1 Ne5f3
37.Qe2xf3 Qd4e5
38.Qf3d3 f3
39.Kg1 gxh3
40.Qd3xf3 Rh6g6
41.Qf3xh3 Qe5xe4
42.Rd1f1 Qe4e5
43.Rf1e1  { time }
1-0

[Event "Match"]
[Site "www.echecsemail.com"]
[Date "2018.04.02"]
[Round "1"]
[White "Emmanuel69"]
[Black "Sefj"]
[WhiteElo "1950"]
[BlackElo "1809"]
[Result "1-0"]
[Round "1"]
1.c4 c5
2.g3 e6
3.Bf1g2 Nb8c6
4.Nb1c3 g6
5.Ng1f3 Bf8g7
6.O-O d6
7.d3 a6
8.Rf1e1 Nc6d4
9.e3 Nd4xf3
10.Bg2xf3 Ng8e7
11.Bf3g2 Ra8b8
12.a4 Bc8d7
13.Qd1c2 O-O
14.b3 Ne7c6
15.Bc1b2 Qd8f6
16.Ra1c1 Nc6b4
17.Qc2d2 Qf6f5
18.Bg2e4 Qf5f6
19.Be4g2 d5
20.Rc1b1 d4
21.exd4 cxd4
22.Nc3e4 Qf6e7
23.c5 Nb4c6
24.Ne4d6 e5
25.b4 b6
26.Bb2a3 bxc5
27.bxc5 Rb8xb1
28.Re1xb1  { time }
1-0

[Event "Match"]
[Site "www.echecsemail.com"]
[Date "2018.04.02"]
[Round "1"]
[White "Fegatux"]
[Black "Pwain"]
[WhiteElo "2099"]
[BlackElo "2560"]
[Result "1/2-1/2"]
[Round "1"]
1.d4 d5
2.c4 Nb8c6
3.Ng1f3 Bc8g4
4.Nb1c3 e6
5.Bc1g5 Bf8e7
6.cxd5 Bg4xf3
7.exf3 exd5
8.Bg5xe7 Qd8xe7
9.Bf1e2 Ng8f6
10.O-O O-O
11.Be2b5 Nc6d8
12.Rf1e1 Nd8e6
13.a3 a5
14.Bb5d3 c6
15.Bd3f5 Qe7d6
16.Bf5xe6 fxe6
17.Qd1e2 Rf8e8
18.g3 b5
19.Qe2e5 Qd6xe5
20.Re1xe5 Nf6d7
21.Re5e1 e5
22.Nc3e2 e4
23.fxe4 Re8xe4
24.Ra1c1 Ra8e8
25.Kf1 Nd7b6
26.b3 Re8e6
27.Ne2f4 Re4xe1
28.Rc1xe1 Re6xe1
29.Kxe1 a4
30.Kd2 axb3
31.Kc3 Kf7
32.Kxb3 Nb6c4
33.Kb4 Ke7
34.Kc5 Kd7
35.Nf4d3 Kc7
36.Nd3e5 Nc4xe5
37.dxe5 Kd7
38.f4 g6
39.g4 Ke6
40.Kd4 Kd7
41.f5 gxf5
42.gxf5 Ke7
43.Kc5 { draw }
1/2-1/2

[Event "Match"]
[Site "www.echecsemail.com"]
[Date "2018.04.02"]
[Round "1"]
[White "Chapi"]
[Black "Ztornad"]
[WhiteElo "2090"]
[BlackElo "1670"]
[Result "1-0"]
[Round "1"]
1.d4 d5
2.c4 Ng8f6
3.Nb1c3 dxc4
4.e4 h6
5.Bf1xc4 c5
6.Ng1f3 Bc8g4
7.Qd1d3 Nb8c6
8.Bc4b5 Bg4d7
9.dxc5 a6
10.Bb5a4 Nc6b4
11.Ba4xd7 Qd8xd7
12.Qd3xd7 Nf6xd7
13.O-O g6
14.Rf1d1 Bf8g7
15.Nc3d5 Nb4xd5
16.Rd1xd5 O-O-O
17.Ra1b1 e6
18.Rd5d2 Kb8
19.b4 Nd7e5
20.Nf3xe5 Bg7xe5
21.Rd2xd8 Rh8xd8
22.Bc1xh6 Rd8h8
23.Bh6d2 Be5xh2
24.Kf1 Bh2e5
25.Ke2 Rh8h4
26.f3 Rh4h2
27.Kf2 Rh2h8
28.f4 Be5d4
29.Kf3 Bd4f6
30.a4 Rh8d8
31.Rb1d1 Rd8d3
32.Ke2 Rd3g3
33.Kf1 Rg3g4
34.Bd2e3 Kc7
35.Kf2 Rg4h4
36.Kf3 Rh4h5
37.Be3d4 e5
38.Bd4c3 b6
39.cxb6 Kb7
40.Rd1d7 Kc6
41.Rd7xf7 Bf6d8
42.b7 Bd8c7
43.Bc3xe5 Kxb7
44.Rf7xc7 Kb6
45.Rc7g7 Rh5h6
46.Be5f6 Rh6h1
47.Bf6d4 Kc6
48.Rg7xg6 Kb7
49.Rg6b6 Kc7
{ time. }
1-0

[Event "Match"]
[Site "www.echecsemail.com"]
[Date "2018.04.02"]
[Round "1"]
[White "Fegatux"]
[Black "Goofy"]
[WhiteElo "2370"]
[BlackElo "2350"]
[Result "1/2-1/2"]
[Round "1"]
1.e4 d6
2.d4 Ng8f6
3.Nb1c3 Nb8d7
4.Bf1c4 e5
5.Ng1f3 Bf8e7
6.O-O c6
7.Rf1e1 Qd8c7
8.h3 h6
9.Bc1e3 Nd7f8
10.dxe5 dxe5
11.a3 Nf8g6
12.b4 b5
13.Bc4b3 O-O
14.Qd1e2 Nf6h5
15.Nf3d2 Nh5f4
16.Kh2 Nf4xe2
17.Nc3xe2 Bc8e6
{ draw }
1/2-1/2

[Event "1/128 Finale"]
[Site "www.chess-mail.com"]
[Date "2018.04.02"]
[Round "1"]
[White "Stepanpech"]
[Black "Ranjachess"]
[WhiteElo "2410"]
[BlackElo "1840"]
[Result "1-0"]
[Round "1"]
1.e4 e5
2.Ng1f3 d6
3.d4 Bc8g4
4.dxe5 Bg4xf3
5.Qd1xf3 dxe5
6.Bf1c4 Qd8f6
7.Qf3b3 b6
8.Nb1c3 Bf8c5
9.Bc1e3 Nb8c6
10.Be3xc5 bxc5
11.Qb3b7 Ra8d8
12.Bc4b5 Ng8e7
13.Nc3d5 Qf6d6
14.O-O-O Qd6h6
15.Kb1 O-O
16.Bb5xc6 Ne7xd5
17.exd5 e4
18.Qb7xc7 Qh6f6
19.Qc7xa7 Qf6xf2
20.d6 f5
21.Rh1f1 Rd8xd6
22.Qa7e7 Rf8d8
23.Qe7xd8 Rd6xd8
24.Rd1xd8 Kf7
25.Rf1xf2 g6
26.Rd8e8 g5
27.Rf2xf5 Kg6
28.g4 h5
29.Re8e6 Kg7
30.Re6e7 Kg6
31.Bc6e8 Kh6
32.Rf5f6 
1-0

[Event "Tourn. n9653"]
[Site "www.chess-mail.com"]
[Date "2018.04.03"]
[Round "1"]
[White "Claudia"]
[Black "Sahlapalat"]
[WhiteElo "1970"]
[BlackElo "2000"]
[Result "0-1"]
[Round "1"]
1.e4 c5
2.Ng1f3 d6
3.d4 cxd4
4.Nf3xd4 Ng8f6
5.Nb1c3 Nb8c6
6.Bc1e3 e5
7.Nd4f3 h6
8.h3 Bf8e7
9.Bf1c4 O-O
10.O-O a6
11.a4 Bc8d7
12.Rf1e1 Ra8c8
13.Bc4b3 Nc6a5
14.Bb3a2 Na5c4
15.Ba2xc4 Rc8xc4
16.Nf3d2 Rc4c8
17.f3 Bd7e6
18.a5 Nf6d7
19.Nc3d5 Be6xd5
20.exd5 f5
21.f4 Be7f6
22.Nd2f3 Qd8c7
23.c3 Rf8e8
24.Qd1c2 exf4
25.Be3xf4 Qc7c5
26.Kh1 Qc5xd5
27.Re1d1 Qd5e4
28.Qc2b3 Kh7
29.Bf4xd6 Nd7c5
30.Bd6xc5 Rc8xc5
31.Rd1e1 Qe4c6
 { time }
0-1

[Event "Tourn. n9681"]
[Site "www.chess-mail.com"]
[Date "2018.04.03"]
[Round "1"]
[White "Libiesse"]
[Black "Julian"]
[WhiteElo "1830"]
[BlackElo "1720"]
[Result "1-0"]
[Round "1"]
1.d4 d5
2.c4 e6
3.Ng1f3 Ng8f6
4.Bc1g5 Bf8e7
5.Nb1c3 O-O
6.e3 c6
7.cxd5 exd5
8.Bf1d3 Bc8g4
9.h3 Bg4h5
10.O-O Nb8d7
11.Qd1c2 Bh5g6
12.a3 Bg6xd3
13.Qc2xd3 Rf8e8
14.Rf1e1 Nf6e4
15.Bg5f4 Be7f6
16.Ra1c1 Nd7f8
17.b4 Nf8e6
18.Kf1 Ne6xf4
19.exf4 Qd8b6
20.Nf3e5 Bf6xe5
21.fxe5 a5
22.Nc3a4 Qb6b5
23.Qd3xb5 cxb5
24.Na4c5 b6
25.Nc5xe4 dxe4
26.Re1xe4 Ra8d8
27.f4 Rd8d5
28.Kf2 f6
29.Kf3 fxe5
30.fxe5 Re8e6
31.Re4f4 h6
32.h4 axb4
33.axb4 g5
34.hxg5 hxg5
35.Rc1c8 Kg7
36.Rf4g4 Kg6
37.Rc8g8 Kh7
38.Rg8xg5 Rd5d7
39.Ke4 Re6h6
40.g3 Rd7f7
41.d5 Rh6h2
42.Rg4h4 Rh2xh4
43.gxh4 Rf7f1
44.d6 Rf1e1
45.Kd5 Re1d1
46.Ke6 { resign }
1-0

[Event "Tourn. n9779"]
[Site "www.chess-mail.com"]
[Date "2018.04.03"]
[Round "1"]
[White "Fantomas"]
[Black "Coolant"]
[WhiteElo "2210"]
[BlackElo "2280"]
[Result "0-1"]
[Round "1"]
1.e4 e5
2.Ng1f3 Nb8c6
3.Bf1b5 f5
4.d3 fxe4
5.dxe4 Ng8f6
6.Qd1e2 Bf8c5
7.O-O d6
8.Nb1c3 O-O
9.Bb5c4 Kh8
10.Nf3g5 Nc6d4
11.Qe2d3 Qd8e8
12.Nc3b5 Nd4xb5
13.Bc4xb5 Bc8d7
14.Bb5c4 b5
15.Bc4b3 h6
16.Ng5f3 Qe8g6
17.Nf3d2 Bd7c6
{ resign }
0-1

[Event "Tourn. n9763"]
[Site "www.chess-mail.com"]
[Date "2018.04.03"]
[Round "1"]
[White "Gilliere"]
[Black "Sefj"]
[WhiteElo "2060"]
[BlackElo "2060"]
[Result "1-0"]
[Round "1"]
1.e4 d5
2.exd5 Qd8xd5
3.Nb1c3 Qd5d8
4.Ng1f3 g6
5.Bf1c4 Bc8f5
6.Nf3e5 Ng8h6
7.Qd1f3 c6
8.d3 f6
9.Bc1xh6 fxe5
10.Bh6xf8 Rh8xf8
11.Qf3e3 Qd8d4
12.Qe3xd4 exd4
13.Nc3e2 e5
14.Ne2g3 b5
15.Ng3xf5 gxf5
16.Bc4b3 a5
17.a3 c5
18.Bb3d5 Ra8a7
19.O-O Rf8f6
20.Bd5f3 Ra7g7
21.Ra1e1 Nb8d7
22.Kh1 b4
23.axb4 axb4
24.b3 Kf8
25.Rf1g1 Rg7g5
26.g3 Rf6h6
27.Rg1g2 Rh6a6
28.h4 Rg5g7
29.Rg2g1 Ra6a2
30.Re1c1 Nd7f6
31.Rg1e1 Rg7e7
32.Kg2 Kg7
33.Bf3d1 Kg6
34.Kh3 h5
35.f3 Ra2a7
36.g4 hxg4
37.fxg4 f4
38.g5 Nf6h5
39.Bd1xh5 Kxh5
40.Re1e4 Ra7a2
41.Re4e1 Ra2a6
42.Re1g1 Re7f7
43.Rc1e1  { time }
1-0

[Event "Tourn. n9727"]
[Site "www.chess-mail.com"]
[Date "2018.04.03"]
[Round "1"]
[White "Osopanda"]
[Black "Bojan"]
[WhiteElo "1940"]
[BlackElo "1970"]
[Result "0-1"]
[Round "1"]
1.e4 e5
2.Ng1f3 Nb8c6
3.Bf1b5 Nc6d4
4.Bb5c4 Qd8f6
5.d3 Nd4xf3
6.Qd1xf3 Qf6xf3
7.gxf3 d6
8.c3 Bc8h3
9.Rh1g1 Ng8f6
10.Bc1e3 Nf6h5
11.Rg1g5 g6
12.Nb1d2 Bf8e7
13.Rg5g1 c6
14.O-O-O a5
15.d4 b5
16.Bc4f1 Bh3e6
17.f4 exf4
18.Nd2f3 fxe3
19.fxe3 Be6xa2
20.e5 d5
21.Nf3g5 Nh5g7
22.h4 Ng7f5
23.Kd2 Nf5xh4
24.Bf1e2 h6
25.Ng5h3 a4
26.Nh3f4 g5
27.Nf4d3 Ba2c4
28.Rd1f1 Rh8f8
29.Nd3c5 Bc4xe2
30.Kxe2 Be7xc5
31.dxc5 Ke7
32.Rf1f6 Rf8h8
33.Rf6xc6 Ra8c8
34.Rc6b6 Rc8xc5
35.Kd3 Nh4g6
36.e4 dxe4
37.Kxe4 Rc5xe5
38.Kf3 h5
39.Rg1d1 Rh8d8
40.Rd1xd8 Kxd8
41.Rb6b8 Ke7
42.Rb8b7 Kf6
43.Rb7b6 Kf5
44.Rb6b7 f6
{ resign }
0-1

[Event "Tourn. n9766"]
[Site "www.chess-mail.com"]
[Date "2018.04.03"]
[Round "1"]
[White "Ff333"]
[Black "Sefj"]
[WhiteElo "2050"]
[BlackElo "2080"]
[Result "1-0"]
[Round "1"]
1.e4 e6
2.d4 d5
3.e5 g6
4.g3 c5
5.Ng1e2 c4
6.b3 cxb3
7.axb3 Bf8b4
8.Nb1c3 Bb4xc3
9.Ne2xc3 Nb8c6
10.Nc3b5 Qd8b6
11.Nb5d6 Kf8
12.Bc1a3 Ng8e7
13.Ba3c5 Qb6c7
14.Qd1f3 Kg7
15.Qf3f6  { time }
1-0

[Event "Tourn. n9750"]
[Site "www.chess-mail.com"]
[Date "2018.04.03"]
[Round "1"]
[White "Prize64"]
[Black "Sefj"]
[WhiteElo "2150"]
[BlackElo "2319"]
[Result "1-0"]
[Round "1"]
1.Ng1f3 e6
2.c4 c5
3.g3 Nb8c6
4.Bf1g2 g6
5.Nb1c3 Bf8g7
6.O-O d5
7.cxd5 exd5
8.d3 a6
9.a4 Bc8e6
10.Nf3g5 Ng8f6
11.Ng5f3 O-O
12.Nf3g5 Qd8d7
13.Ng5xe6 fxe6
14.e4 d4
15.Nc3e2  { time }
1-0

[Event "Tourn. n9697"]
[Site "www.chess-mail.com"]
[Date "2018.04.03"]
[Round "1"]
[White "Comrade"]
[Black "Francesco"]
[WhiteElo "2300"]
[BlackElo "2050"]
[Result "1-0"]
[Round "1"]
1.c4 Ng8f6
2.d4 g6
3.Nb1c3 Bf8g7
4.e4 d6
5.Bc1e3 O-O
6.Bf1e2 Nb8d7
7.f4 e5
8.fxe5 dxe5
9.d5 Qd8e7
10.h3 Nd7c5
11.Be2f3 Rf8d8
12.Be3g5 h6
13.Bg5xf6 Bg7xf6
14.Ng1e2 Bf6h4
15.g3 Bh4f6
16.b4 Nc5e6
17.Ra1b1 c6
18.c5 Ne6g5
19.Bf3g2 Bf6g7
20.h4 Ng5h7
21.O-O Bc8g4
22.Rf1f2 f5
23.Bg2f3 Bg4xf3
24.Rf2xf3 fxe4
25.d6 Qe7e6
26.Rf3e3 Nh7f6
27.Nc3xe4 Rd8f8
28.Qd1b3 Qe6xb3
29.Rb1xb3 Nf6d5
30.Re3f3 Rf8xf3
31.Rb3xf3 Ra8f8
32.Rf3xf8 Kxf8
33.a3 Ke8
34.Ne2c3 Nd5xc3
35.Ne4xc3 Kd7
36.Nc3e4 Ke6
37.g4 b6
38.Kf2 Bg7f6
39.g5 hxg5
40.hxg5 Bf6d8
41.b5 bxc5
42.bxc6 Bd8xg5
43.c7 Kd7
44.Ne4xg5 { resign }
1-0

[Event "Tourn. n9726"]
[Site "www.chess-mail.com"]
[Date "2018.04.03"]
[Round "1"]
[White "Hansen"]
[Black "Picifarkinca"]
[WhiteElo "1520"]
[BlackElo "1670"]
[Result "0-1"]
[Round "1"]
1.e4 d6
2.c3 c5
3.Ng1f3 Nb8c6
4.Qd1a4 Bc8d7
5.d4 Nc6xd4
6.Qa4d1 Nd4c6
7.Qd1d5 Ng8f6
8.Qd5c4 e6
9.Bc1g5 Bf8e7
10.Nb1a3 a6
11.Ra1d1 Qd8c7
12.h4 b5
13.Qc4b3 Nf6xe4
14.Bg5f4 c4
15.Qb3c2 Ne4c5
16.b3 cxb3
17.axb3 e5
18.Bf4e3 Nc5e6
19.c4 b4
20.Na3b1 a5
21.h5 Be7f6
22.Nb1d2 Nc6d4
23.Qc2d3 Bd7c6
24.Nf3h2 Ne6f4
25.Be3xf4 exf4
26.Nh2g4 Qc7e7
27.Bf1e2 Qe7xe2
28.Qd3xe2 Nd4xe2
29.Kxe2 Bf6e5
30.c5 Bc6b5
31.Kf3 Bb5c6
32.Ke2 Bc6b5
33.Ke1 Be5c3
34.cxd6 Ra8d8
35.f3 Rd8xd6
36.Kf2 Rd6xd2
37.Ke1 Rd2xg2
38.Rd1d2 Rg2xd2
39.h6 Rd2h2
40.Kd1 Rh2xh1
41.Kc2 O-O
42.hxg7 Rf8d8
43.Ng4f2 Rd8d2
{ resign }
0-1

[Event "Tourn. n9725"]
[Site "www.chess-mail.com"]
[Date "2018.04.03"]
[Round "1"]
[White "Prize64"]
[Black "Coolant"]
[WhiteElo "2130"]
[BlackElo "2270"]
[Result "0-1"]
[Round "1"]
1.e4 Nb8c6
2.Ng1f3 e5
3.Bf1c4 Ng8f6
4.d3 Bf8c5
5.c3 a5
6.a4 h6
7.O-O O-O
8.Nb1d2 d5
9.exd5 Nf6xd5
10.Rf1e1 Rf8e8
11.Nd2e4 Bc5b6
12.h3 Bc8e6
13.Bc4b3 f5
14.Ne4g3 Qd8f6
15.Ng3h5 Qf6f7
16.Nf3xe5 Nc6xe5
17.Re1xe5 Nd5xc3
18.Re5xe6 Nc3xd1
19.Re6xe8 Ra8xe8
20.Bb3xf7 Kxf7
21.Bc1e3 Nd1xe3
22.fxe3 Re8xe3
23.Kf1 Re3xd3
24.Ke2 Rd3b3
25.Ra1b1 g5
26.Kf1 Kg6
27.g4 Rb3xh3
{ resign }
0-1

[Event "Tourn. n9748"]
[Site "www.chess-mail.com"]
[Date "2018.04.03"]
[Round "1"]
[White "Sefj"]
[Black "Claymil"]
[WhiteElo "1809"]
[BlackElo "2000"]
[Result "0-1"]
[Round "1"]
1.Ng1f3 d5
2.e4 dxe4
3.Nf3g5 Ng8f6
4.c3 h6
5.Ng5xe4 Nf6xe4
6.Qd1a4 Nb8d7
7.Qa4xe4 e6
8.d4 Bf8e7
9.Bc1e3 O-O
10.Bf1d3 Nd7f6
11.Qe4f3 Ra8b8
12.Qf3g3 Kh8
 { time }
0-1

[Event "Tourn. n9759"]
[Site "www.chess-mail.com"]
[Date "2018.04.03"]
[Round "1"]
[White "Sefj"]
[Black "Esperanza"]
[WhiteElo "2180"]
[BlackElo "2040"]
[Result "0-1"]
[Round "1"]
1.Ng1f3 d5
2.e4 dxe4
3.Nf3g5 Ng8f6
4.Bf1c4 e6
5.c3 h6
6.Ng5h3 Bf8d6
7.O-O O-O
8.f3 exf3
9.Qd1xf3 Nb8c6
 { time }
0-1

[Event "Tourn. n9728"]
[Site "www.chess-mail.com"]
[Date "2018.04.03"]
[Round "1"]
[White "Coolant"]
[Black "Orhany24"]
[WhiteElo "2270"]
[BlackElo "2150"]
[Result "1-0"]
[Round "1"]
1.d4 d5
2.Ng1f3 Bc8f5
3.Bc1f4 Nb8c6
4.e3 Ng8f6
5.Bf1d3 Bf5xd3
6.Qd1xd3 e6
7.Nb1d2 Bf8d6
8.Bf4g3 O-O
9.O-O Nc6b4
10.Qd3b3 c5
11.dxc5 Bd6xc5
12.a3 Nb4c6
13.Qb3xb7 Nc6a5
14.Qb7a6 Bc5b6
15.b4 Na5c6
16.Rf1d1 Nf6h5
17.c4 Nh5xg3
18.hxg3 Nc6b8
19.Qa6b7 Nb8d7
20.cxd5 exd5
21.Qb7xd5 Qd8e7
22.Ra1c1 Nd7f6
23.Qd5c4 h6
24.Nd2b3 Ra8c8
25.Nb3c5 a5
26.Rc1c2 axb4
27.axb4 Rf8d8
28.Rd1xd8 Qe7xd8
29.Nf3d2 Qd8d6
30.Qc4d4 Qd6c6
31.Rc2c4 Qc6b5
32.Qd4c3 Nf6d5
33.Qc3a3 Nd5xb4
34.Qa3xb4 Qb5xb4
35.Rc4xb4 Bb6xc5
36.Rb4c4 Rc8c7
37.Nd2e4 Bc5b6
38.Rc4xc7 Bb6xc7
39.g4 g6
40.f4 Kg7
41.Kf2 f5
42.gxf5 gxf5
43.Ne4c5 Kf7
44.Kf3 Kf6
45.g4 fxg4
46.Kxg4 { resign }
1-0

[Event "Tourn. n9732"]
[Site "www.chess-mail.com"]
[Date "2018.04.03"]
[Round "1"]
[White "Sorim"]
[Black "Mitja"]
[WhiteElo "2070"]
[BlackElo "2090"]
[Result "1-0"]
[Round "1"]
1.d4 d5
2.c4 dxc4
3.Ng1f3 e6
4.e3 c6
5.Bf1xc4 Nb8d7
6.O-O Ng8f6
7.Nb1c3 Nd7b6
8.Bc4d3 Nf6d5
9.Bc1d2 Nd5xc3
10.Bd2xc3 Nb6d5
11.Bc3d2 Bf8e7
12.a3 O-O
13.Qd1c2 h6
14.Nf3e5 Be7f6
15.f4 Qd8c7
16.Rf1f3 Rf8e8
17.g4 Bf6xe5
18.dxe5 b6
19.Ra1f1 Bc8b7
20.g5 h5
21.g6 fxg6
22.Bd3xg6 Re8f8
23.Rf3h3 Nd5e7
24.Bg6h7 Kf7
25.Rh3xh5 Ne7f5
26.Rh5xf5 exf5
27.Qc2xf5 Ke7
28.Qf5g5 Ke6
29.Rf1d1 c5
30.Bd2e1 Ra8d8
31.f5 { resign }
1-0